Stadt zu Land #35 - Statistiken

Allgemein
  • Dieses Quiz wurde 172 mal gespielt
  • Das Durchschnittsergebnis liegt bei 10 aus 15
Antwortstatistiken
Stadt Land % Korrekt
Turin Italien
97%
Nazareth Israel
93%
Fukuoka Japan
87%
Split Kroatien
86%
Linköping Schweden
85%
Davos Schweiz
80%
Albuquerque Vereinigte Staaten
78%
Jinan China
74%
Luanda Angola
71%
Kharkiv Ukraine
70%
Hurghada Ägypten
65%
Oulu Finnland
60%
Incheon Südkorea
37%
Coimbra Portugal
36%
Hrodna Weißrussland
19%
Keine übereinstimmenden Quizze gefunden
Verteilung der Resultate
Anzahl Personen mit jedem Resultat
Perzentil nach korrekt beantworteten Fragen
Ihre Resultats-Entwicklung
Sie haben dieses Quiz noch nicht gespielt